Marcas de Celulares más populares del mundo - Estadísticas

Estadísticas generales
  • Esta prueba ha sido intentada 238 veces
  • La puntuación promedio es 4 de 6
Estadísticas de respuestas
Caracteristicas de la Marca Marca % Correcto
Es una marca de celulares de origen surcoreana que se destinguepor el mercado de tecnologia y electrodomesticos, se aproxima que el 22% de la población mundial usan celulares de esta marca. Esta marca se destingue en sus celulares por tener cámaras del alta calidad, capas de personalización, innovacion tecnologica y amplia gama de modelos. Samsung
100%
Es una marca de celulares de origen estadounidense, cerca del 19% de la población mundial tienen celulares de esta marca. Esta marca se destingue por tener celulares de gran valor en el tema monetario, tambien por tener su propio sistema operativo aparte por su ecosistema con otros dispositivos electronicos, alaparte que tienen buenas actualizaciones. Apple
95%
Es una marca procedente de China, el 3.80% de la población usa celulares de esta marca, en los anteriores años se destinguia mucho por su calidad e innovaciones tecnologicas, pero desde 2019 se desvinculo con android y google por el gobierno estadounidense, dejando de ofrecer los sistemas que los demas marcas, pero a pesar de eso sigue su innovacion y capacidades tecnologicas. Huawei
86%
Es un marca de origen chino, el 13% de la población tiene un celular de esta marca.Esta marca se destingue principalmente por fabricar celulares buenos y de alta gama a buenos precios, tambien por sus diseños atractivos, su gran capacidad de bateria, sus procesadores y variedad de modelos, siendo unas de las marcas de celulares que mas han subido en tema de popularidad y ventas en los ultimos años. Xiaomi
84%
Es una marca procedente de China, el 8.90% de la poblacion posee un celular de estamarca, las caracteristicas mas notables de esta marca de celulares es por su potente carga rapida, sus enfoques de fotografia y cámaras de alta calidad, sus innovaciones en las pantallas y mejorar la experiencia del usuario como reconocimiento facial avanzado. Oppo
52%
Es una marca proveniente de China. el 8.30% de la población tiene en sus manos un celular de esta marca asiatica, estos celulares se destinguen por su calidad en sonido, sus colaboraciones en los eventos y deportes, por sus enfoques de fotografia y selfies. Vivo
15%
No se encontraron pruebas coincidentes
Distribución de puntuación
Porcentaje de gente con cada puntuación
Porcentaje por número respondido
Historial de tus puntuaciones
No has intentado esta prueba.